Nezlet Batran : eine Mastaba aus dem Alten Reich bei Giseh (Agypten) : Ostereichische Ausgraben 1981-1983 /

محفوظ في:

المؤلف الرئيسي: Kromer, Karl, 1924- (مؤلف)

مؤلفون آخرون: Fischer, Henry George., Kritscher, Herbert.

التنسيق: كتاب

اللغة: German

منشور في: Wien : Verlag der Österreichischen Akademie der Wissenschaften, 1991.

سلاسل: Untersuchungen der Zweigstelle Kairo des Österreichischen Archäologischen Institutes ; 11.
Denkschriften der Gesamtakademie ; 12.

الموضوعات:

الوسوم: إضافة وسم

لا توجد وسوم, كن أول من يضع وسما على هذه التسجيلة!

رقم الطلب: DT57 .O69 v.11

LEADER 01387namaa2200337 4500
001 5012
003 OSt
005 20260428063224.0
008 130303s1991 au af b 000 0 ger d
020 |a 3700119054 
035 |a ocm25239151 
040 |c ARCE Library 
043 |a f-ua--- 
050 0 4 |a DT57 .O69 v.11 
100 1 |a Kromer, Karl,   |d 1924-,   |e author  |9 34211 
245 1 0 |a Nezlet Batran :  |b eine Mastaba aus dem Alten Reich bei Giseh (Agypten) : Ostereichische Ausgraben 1981-1983 /  |c Karl Kromer ; mit Beiträgen von Henry G. Fischer und Herbert Kritscher. 
264 1 |a Wien :  |b Verlag der Österreichischen Akademie der Wissenschaften,  |c 1991. 
300 |a 68 pages, [45] pages of plates :   |b illustrations ;   |c 30 cm. 
490 1 |a Untersuchungen der Zweigstelle Kairo des Österreichischen Archäologischen Institutes ;  |v 11.  
490 1 |a Denkschriften der Gesamtakademie ;  |v 12.  
500 |a Two folded leaves of ill. in pocket. 
504 |a Includes bibliographical references (p. 45) 
650 0 |a Tombs  |z Egypt  |z Jīzah. 
651 0 |a Jīzah (Egypt)  |x Antiquities. 
700 1 |a Fischer, Henry George. 
700 1 |a Kritscher, Herbert.  |9 34200 
830 0 |a Untersuchungen der Zweigstelle Kairo des Österreichischen Archäologischen Institutes ;  |v 11. 
830 0 |a Denkschriften der Gesamtakademie ;  |v 12. 
901 |a reviewed 
942 |c BK  |2 lcc 
999 |c 5400  |d 5400